Ložiska a ozubená kola konstrukce z plastických hmot

Salvato in:
Dettagli Bibliografici
Natura: Libro
Lingua:ceco
Pubblicazione: Praha Práca 1950
Tags: Aggiungi Tag
Nessun Tag, puoi essere il primo ad aggiungerne!!

MARC

LEADER 00000nam a2200000 4500
001 0307885
005 20250328101455.7
041 0 |a cze 
044 |a CZ 
245 1 0 |a Ložiska a ozubená kola  |b konstrukce z plastických hmot  |c František Blabolil 
264 1 |a Praha  |b Práca  |c 1950